000 00608nam a22002057a 4500
003 OSt
005 20260421110258.0
008 260421b |||||||| |||| 00| 0 eng d
020 _a9789360740924
040 _ckul
082 _a515.35
_bJAI.C
084 _2Colon Classification
100 _aM K Jain, S R K Iyengar & R K Jain
_913474
245 _aComputational methods for partial differential equations
_cM K Jain, S R K Iyengar & R K Jain
250 _a3rd ed.
260 _aNew Delhi:
_bNew Age International (P) Limited,
_c2026.
300 _a236p.
650 _aMathematics.
942 _2ddc
_cTB
999 _c758797
_d758797